[Event "Ch_SFO"]
[Site "?"]
[Date "2018.03.16"]
[Round "2.20"]
[White "Babakekhyan, Artem"]
[Black "Kalabukhov, Bogdan"]
[Result "1/2-1/2"]
[BlackElo "2326"]
[WhiteElo "1892"]
[LiveChessVersion "1.4.8"]

1. Nf3 {[%clk 1:30:58]} d5 {[%clk 1:30:56]} 2. d4 {[%clk 1:31:23]} e6
{[%clk 1:31:23]} 3. c4 {[%clk 1:31:48]} c6 {[%clk 1:31:50]} 4. Nbd2
{[%clk 1:32:13]} f5 {[%clk 1:32:12]} 5. g3 {[%clk 1:32:29]} Nf6 {[%clk 1:32:15]}
6. Bg2 {[%clk 1:32:53]} Bd6 {[%clk 1:32:42]} 7. O-O {[%clk 1:33:15]} O-O
{[%clk 1:32:57]} 8. b3 {[%clk 1:33:28]} Qe7 {[%clk 1:23:14]} 9. Bb2
{[%clk 1:33:21]} b6 {[%clk 1:23:17]} 10. Ne1 {[%clk 1:32:49]} Bb7
{[%clk 1:23:05]} 11. Nd3 {[%clk 1:32:24]} a5 {[%clk 1:21:39]} 12. Qc2
{[%clk 1:31:10]} Na6 {[%clk 1:21:41]} 13. a3 {[%clk 1:30:35]} Rac8
{[%clk 1:18:39]} 14. Rfe1 {[%clk 1:25:00]} Rfd8 {[%clk 1:11:20]} 15. f3
{[%clk 1:22:59]} c5 {[%clk 1:09:53]} 16. e4 {[%clk 1:22:46]} fxe4
{[%clk 1:01:01]} 17. fxe4 {[%clk 1:23:10]} dxe4 {[%clk 1:00:11]} 18. Nxe4
{[%clk 1:23:33]} Nxe4 {[%clk 0:59:18]} 19. Bxe4 {[%clk 1:24:00]} Bxe4
{[%clk 0:59:38]} 20. Rxe4 {[%clk 1:24:27]} cxd4 {[%clk 0:59:44]} 21. Bxd4
{[%clk 1:22:13]} Nc5 {[%clk 0:47:37]} 22. Nxc5 {[%clk 1:22:26]} Bxc5
{[%clk 0:47:57]} 23. Bxc5 {[%clk 1:19:09]} Qxc5+ {[%clk 0:44:32]} 24. Qf2
{[%clk 1:18:44]} Qxf2+ {[%clk 0:34:14]} 25. Kxf2 {[%clk 1:18:58]} Rd2+
{[%clk 0:34:30]} 26. Re2 {[%clk 1:19:07]} Rd6 {[%clk 0:33:38]} 27. Rae1
{[%clk 1:15:45]} Kf7 {[%clk 0:32:54]} 28. Re4 {[%clk 1:15:38]} Ke7
{[%clk 0:30:23]} 29. h4 {[%clk 1:14:35]} Rc5 {[%clk 0:28:24]} 30. R1e2
{[%clk 1:11:30]} Rdc6 {[%clk 0:27:46]} 31. R2e3 {[%clk 1:04:45]} a4
{[%clk 0:25:08]} 32. Kg2 {[%clk 1:00:44]} h5 {[%clk 0:18:18]} 33. Kh3
{[%clk 0:54:37]} g6 {[%clk 0:14:46]} 34. Kg2 {[%clk 0:54:30]} axb3
{[%clk 0:14:07]} 35. Rxb3 {[%clk 0:54:53]} Rxc4 {[%clk 0:14:33]} 36. Rxc4
{[%clk 0:55:12]} Rxc4 {[%clk 0:15:00]} 37. Rxb6 {[%clk 0:55:35]} Rc2+
{[%clk 0:15:20]} 38. Kh3 {[%clk 0:54:12]} Rc3 {[%clk 0:15:44]} 39. a4
{[%clk 0:54:15]} Ra3 {[%clk 0:15:58]} 40. Ra6 {[%clk 0:52:19]} Ra2
{[%clk 0:13:59]} 41. Ra8 {[%clk 0:51:03]} e5 {[%clk 0:12:20]} 42. Ra6
{[%clk 0:47:28]} Kf7 {[%clk 0:08:00]} 43. Ra7+ {[%clk 0:47:12]} Kf6
{[%clk 0:07:58]} 44. Ra6+ {[%clk 0:47:40]} Kf5 {[%clk 0:08:08]} 45. Ra5
{[%clk 0:48:04]} Ke4 {[%clk 0:07:50]} 46. Ra6 {[%clk 0:48:20]} Kf5
{[%clk 0:08:19]} 47. Ra5 {[%clk 0:48:42]} Ke4 {[%clk 0:06:15]} 48. Ra6
{[%clk 0:49:00]} Kd3 {[%clk 0:03:38]} 49. Rd6+ {[%clk 0:47:34]} Ke3
{[%clk 0:04:07]} 50. Rxg6 {[%clk 0:47:41]} Kf2 {[%clk 0:02:18]} 51. Rg5
{[%clk 0:46:31]} e4 {[%clk 0:02:36]} 52. Rf5+ {[%clk 0:45:58]} Kg1
{[%clk 0:02:21]} 53. Rxh5 {[%clk 0:46:10]} e3 {[%clk 0:02:31]} 54. Re5
{[%clk 0:46:15]} Rh2+ {[%clk 0:02:42]} 55. Kg4 {[%clk 0:46:37]} e2
{[%clk 0:03:08]} 56. h5 {[%clk 0:29:55]} Kf2 {[%clk 0:03:08]} 57. a5
{[%clk 0:29:55]} e1=Q {[%clk 0:03:08]} 58. Rxe1 {[%clk 0:29:55]} Kxe1
{[%clk 0:03:08]} 59. Kg5 {[%clk 0:29:55]} Ra2 {[%clk 0:02:28]} 60. g4
{[%clk 0:20:26]} Rxa5+ {[%clk 0:02:40]} 61. Kh4 {[%clk 0:17:46]} Kf2
{[%clk 0:02:28]} 62. h6 {[%clk 0:13:26]} Kf3 {[%clk 0:02:28]} 63. g5
{[%clk 0:13:26]} Kf4 {[%clk 0:01:58]} 64. h7 {[%clk 0:13:57]} Ra1
{[%clk 0:02:20]} 65. Kh5 {[%clk 0:14:18]} Kf5 {[%clk 0:02:20]} 66. Kh6
{[%clk 0:14:25]} Rh1+ {[%clk 0:02:26]} 67. Kg7 {[%clk 0:14:50]} Kxg5
{[%clk 0:02:50]} 68. h8=Q {[%clk 0:15:15]} Rxh8 {[%clk 0:03:14]} 69. Kxh8
{[%clk 0:15:40]} 1/2-1/2

[Event "Ch_SFO"]
[Site "?"]
[Date "2018.03.17"]
[Round "3.1"]
[White "Erdenieva, Oyuna"]
[Black "Maletina, Tatiana"]
[Result "1/2-1/2"]
[BlackElo "2214"]
[WhiteElo "2079"]
[LiveChessVersion "1.4.8"]

1. d4 {[%clk 1:30:55]} e6 {[%clk 1:30:48]} 2. c4 {[%clk 1:30:11]} f5
{[%clk 1:31:13]} 3. g3 {[%clk 1:30:03]} Nf6 {[%clk 1:31:25]} 4. Bg2
{[%clk 1:30:22]} d5 {[%clk 1:31:40]} 5. Nf3 {[%clk 1:29:33]} c6 {[%clk 1:31:56]}
6. b3 {[%clk 1:29:40]} Bd6 {[%clk 1:31:46]} 7. O-O {[%clk 1:29:44]} Qe7
{[%clk 1:31:52]} 8. Bb2 {[%clk 1:29:18]} O-O {[%clk 1:31:27]} 9. Qc1
{[%clk 1:27:47]} b5 {[%clk 1:26:15]} 10. Ba3 {[%clk 1:22:01]} b4 {[%clk 1:25:23]}
11. c5 {[%clk 1:21:46]} Bxc5 {[%clk 1:24:51]} 12. Qxc5 {[%clk 1:22:04]} Qxc5
{[%clk 1:25:17]} 13. dxc5 {[%clk 1:22:30]} bxa3 {[%clk 1:25:43]} 14. Nxa3
{[%clk 1:18:43]} a5 {[%clk 1:21:28]} 15. Ne5 {[%clk 1:05:13]} Nfd7
{[%clk 1:21:51]} 16. Nxd7 {[%clk 1:05:21]} Nxd7 {[%clk 1:22:14]} 17. Rfd1
{[%clk 1:00:39]} Ba6 {[%clk 1:16:59]} 18. Rac1 {[%clk 0:53:43]} Nf6
{[%clk 1:11:23]} 19. e3 {[%clk 0:43:03]} e5 {[%clk 1:10:35]} 20. Nc2
{[%clk 0:37:24]} Ne4 {[%clk 1:10:58]} 21. Na3 {[%clk 0:30:46]} Rab8
{[%clk 1:06:45]} 22. f3 {[%clk 0:25:19]} Nf6 {[%clk 0:58:46]} 23. Nc2
{[%clk 0:21:38]} Rfe8 {[%clk 0:55:10]} 24. Kf2 {[%clk 0:20:07]} g6
{[%clk 0:54:06]} 25. Rd2 {[%clk 0:15:03]} Re7 {[%clk 0:52:54]} 26. Bh1
{[%clk 0:11:34]} Nd7 {[%clk 0:50:15]} 27. Na3 {[%clk 0:11:26]} Rb4
{[%clk 0:50:11]} 28. Bg2 {[%clk 0:09:25]} g5 {[%clk 0:46:14]} 29. h3
{[%clk 0:06:16]} h5 {[%clk 0:43:48]} 30. Nc2 {[%clk 0:05:07]} Rb8
{[%clk 0:44:13]} 31. Na3 {[%clk 0:05:22]} Rf8 {[%clk 0:37:49]} 32. h4
{[%clk 0:02:14]} g4 {[%clk 0:35:50]} 33. f4 {[%clk 0:01:29]} exf4
{[%clk 0:30:58]} 34. gxf4 {[%clk 0:01:50]} Rfe8 {[%clk 0:31:22]} 35. Rc3
{[%clk 0:02:06]} Nxc5 {[%clk 0:24:37]} 36. Nc2 {[%clk 0:01:20]} g3+
{[%clk 0:06:07]} 37. Kxg3 {[%clk 0:01:18]} Rg7+ {[%clk 0:06:33]} 38. Kf2
{[%clk 0:00:57]} Ne4+ {[%clk 0:00:39]} 39. Bxe4 {[%clk 0:01:15]} Rxe4
{[%clk 0:01:05]} 40. Rxc6 {[%clk 0:01:39]} Bb7 {[%clk 0:01:33]} 41. Rf6
{[%clk 0:01:47]} d4 {[%clk 0:01:41]} 42. Nxd4 {[%clk 0:00:58]} Rg2+ 43. Ke1 Rxe3+
{[%clk 0:01:59]} 44. Re2 {[%clk 0:01:57]} Rexe2+ {[%clk 0:00:41]} 45. Nxe2 Be4
{[%clk 0:00:52]} 46. Nd4 {[%clk 0:01:25]} Kg7 {[%clk 0:01:16]} 47. Ra6
{[%clk 0:00:50]} Rxa2 {[%clk 0:01:33]} 48. Ne6+ {[%clk 0:00:57]} Kg8
{[%clk 0:00:49]} 49. b4 {[%clk 0:00:47]} a4 {[%clk 0:00:48]} 50. Nc5
{[%clk 0:00:51]} a3 {[%clk 0:00:39]} 51. b5 {[%clk 0:01:07]} Rb2 {[%clk 0:00:39]}
52. Rxa3 {[%clk 0:01:23]} Rxb5 {[%clk 0:01:04]} 53. Nxe4 {[%clk 0:01:39]} fxe4
{[%clk 0:01:30]} 54. Ke2 {[%clk 0:01:38]} Rb2+ {[%clk 0:01:26]} 55. Ke3
{[%clk 0:02:04]} Rh2 {[%clk 0:01:52]} 56. Kxe4 {[%clk 0:02:31]} Rxh4
{[%clk 0:02:18]} 57. Kf5 {[%clk 0:02:37]} Rh1 {[%clk 0:02:30]} 58. Kg6
{[%clk 0:01:52]} Rg1+ {[%clk 0:02:45]} 59. Kxh5 {[%clk 0:02:02]} Kf7
{[%clk 0:03:08]} 60. Ra5 {[%clk 0:01:21]} 1/2-1/2

[Event "Ch_SFO"]
[Site "?"]
[Date "2018.03.17"]
[Round "3.2"]
[White "Loskutova, Viktoriya"]
[Black "Petrukhina, Olga"]
[Result "1-0"]
[BlackElo "2133"]
[WhiteElo "2027"]
[LiveChessVersion "1.4.8"]

1. e4 {[%clk 1:30:58]} c6 {[%clk 1:31:00]} 2. d4 {[%clk 1:30:41]} d5
{[%clk 1:31:28]} 3. e5 {[%clk 1:31:04]} Bf5 {[%clk 1:31:54]} 4. h4
{[%clk 1:31:30]} a6 {[%clk 1:30:39]} 5. g4 {[%clk 1:17:04]} Bd7 {[%clk 1:29:04]}
6. h5 {[%clk 1:16:59]} c5 {[%clk 1:09:36]} 7. c3 {[%clk 1:15:37]} Qb6
{[%clk 1:02:06]} 8. f3 {[%clk 0:52:15]} e6 {[%clk 0:45:04]} 9. f4
{[%clk 0:47:36]} Nc6 {[%clk 0:34:20]} 10. Nf3 {[%clk 0:47:55]} f6
{[%clk 0:32:52]} 11. Rh2 {[%clk 0:46:47]} Nh6 {[%clk 0:26:50]} 12. Bh3
{[%clk 0:45:45]} O-O-O {[%clk 0:23:56]} 13. Be3 {[%clk 0:40:49]} Be7
{[%clk 0:16:54]} 14. Re2 {[%clk 0:10:19]} fxe5 {[%clk 0:10:05]} 15. fxe5
{[%clk 0:05:39]} Rdf8 {[%clk 0:08:48]} 16. dxc5 {[%clk 0:03:18]} Bxc5
{[%clk 0:02:15]} 17. Bxc5 {[%clk 0:01:30]} Qxc5 {[%clk 0:02:44]} 18. Nd4
{[%clk 0:01:19]} Rf4 {[%clk 0:01:09]} 19. Nxc6 {[%clk 0:00:42]} Bxc6
{[%clk 0:01:12]} 20. g5 {[%clk 0:00:31]} Nf5 {[%clk 0:00:58]} 21. Bxf5
{[%clk 0:00:38]} Rxf5 {[%clk 0:01:22]} 22. Kd2 {[%clk 0:00:40]} Bb5
{[%clk 0:00:56]} 23. Rg2 {[%clk 0:00:32]} Rhf8 {[%clk 0:00:47]} 24. Qg4
{[%clk 0:00:33]} Rf2+ {[%clk 0:00:48]} 25. Rxf2 {[%clk 0:00:39]} Qxf2+
{[%clk 0:00:50]} 26. Kc1 {[%clk 0:00:52]} Qe3+ {[%clk 0:00:41]} 27. Kc2
{[%clk 0:01:16]} Bd3+ {[%clk 0:00:43]} 28. Kb3 {[%clk 0:01:41]} Bc4+
{[%clk 0:00:49]} 29. Ka3 {[%clk 0:02:06]} Qxe5 {[%clk 0:00:50]} 30. Nd2
{[%clk 0:02:20]} Qd6+ {[%clk 0:00:42]} 31. b4 {[%clk 0:02:43]} Rf4
{[%clk 0:00:46]} 32. Qg3 {[%clk 0:02:00]} Bb5 {[%clk 0:00:37]} 33. Nb3
{[%clk 0:01:31]} e5 {[%clk 0:00:36]} 34. Rd1 {[%clk 0:01:09]} Kb8
{[%clk 0:00:37]} 35. Qg2 {[%clk 0:01:13]} Bc6 {[%clk 0:00:34]} 36. Qg3
{[%clk 0:01:14]} Ka8 {[%clk 0:00:33]} 37. Qd3 {[%clk 0:01:13]} e4
{[%clk 0:00:32]} 38. Qd4 {[%clk 0:01:39]} h6 {[%clk 0:00:34]} 39. Qxg7
{[%clk 0:01:54]} hxg5 {[%clk 0:00:50]} 40. Qxg5 {[%clk 0:01:22]} Rf2
{[%clk 0:00:34]} 41. Rh1 {[%clk 0:01:10]} Qf8 {[%clk 0:00:36]} 42. h6
{[%clk 0:01:29]} Qh8 {[%clk 0:00:34]} 43. h7 {[%clk 0:01:24]} Ka7
{[%clk 0:00:51]} 44. Qe3+ 1-0

[Event "Ch_SFO"]
[Site "?"]
[Date "2018.03.17"]
[Round "3.3"]
[White "Yanuchenko, Polina"]
[Black "Samdanova, Surena"]
[Result "1-0"]
[BlackElo "1953"]
[WhiteElo "2105"]
[LiveChessVersion "1.4.8"]

1. d4 {[%clk 1:30:55]} Nf6 {[%clk 1:30:44]} 2. c4 {[%clk 1:31:11]} g6
{[%clk 1:31:05]} 3. g3 {[%clk 1:31:21]} Bg7 {[%clk 1:31:01]} 4. Bg2
{[%clk 1:31:04]} d5 {[%clk 1:31:20]} 5. cxd5 {[%clk 1:31:00]} Nxd5
{[%clk 1:31:43]} 6. Nf3 {[%clk 1:30:45]} O-O {[%clk 1:27:13]} 7. O-O
{[%clk 1:27:59]} Nc6 {[%clk 1:27:04]} 8. Nc3 {[%clk 1:28:08]} Nb6
{[%clk 1:24:54]} 9. e3 {[%clk 1:27:09]} a5 {[%clk 1:17:36]} 10. Nh4
{[%clk 1:13:57]} a4 {[%clk 1:13:21]} 11. a3 {[%clk 1:01:26]} Qd7 {[%clk 1:09:49]}
12. f4 {[%clk 0:56:50]} Na5 {[%clk 1:07:24]} 13. Nf3 {[%clk 0:54:39]} Nb3
{[%clk 1:01:13]} 14. Rb1 {[%clk 0:52:56]} c5 {[%clk 0:54:00]} 15. Ne5
{[%clk 0:47:47]} Bxe5 {[%clk 0:48:09]} 16. dxe5 {[%clk 0:47:45]} Qxd1
{[%clk 0:47:51]} 17. Rxd1 {[%clk 0:47:15]} Bg4 {[%clk 0:48:03]} 18. Re1
{[%clk 0:46:44]} Nc4 {[%clk 0:40:07]} 19. Bxb7 {[%clk 0:38:24]} Rab8
{[%clk 0:40:23]} 20. Bd5 {[%clk 0:37:17]} Ncd2 {[%clk 0:38:33]} 21. Bxd2
{[%clk 0:36:32]} Nxd2 {[%clk 0:39:01]} 22. Rbc1 {[%clk 0:35:43]} Rxb2
{[%clk 0:31:22]} 23. Nxa4 {[%clk 0:32:49]} Rb5 {[%clk 0:30:57]} 24. Rc2
{[%clk 0:23:02]} Nb1 {[%clk 0:25:59]} 25. Rxc5 {[%clk 0:17:15]} Rxc5
{[%clk 0:23:57]} 26. Nxc5 {[%clk 0:17:39]} Nxa3 {[%clk 0:24:12]} 27. e6
{[%clk 0:15:35]} f6 {[%clk 0:11:53]} 28. Rc1 {[%clk 0:14:13]} Rc8
{[%clk 0:11:18]} 29. Kg2 {[%clk 0:13:02]} Be2 {[%clk 0:10:49]} 30. e4
{[%clk 0:11:15]} Bb5 {[%clk 0:07:30]} 31. Nb3 {[%clk 0:07:36]} Rxc1
{[%clk 0:04:50]} 32. Nxc1 {[%clk 0:08:01]} Nc2 {[%clk 0:05:13]} 33. Kf2
{[%clk 0:08:10]} Kf8 {[%clk 0:05:08]} 34. Ne2 {[%clk 0:06:41]} Ke8
{[%clk 0:05:09]} 35. Bb3 {[%clk 0:06:08]} Bxe2 {[%clk 0:03:03]} 36. Bxc2
{[%clk 0:06:31]} Bc4 {[%clk 0:03:19]} 37. f5 {[%clk 0:06:45]} g5 {[%clk 0:02:45]}
38. Ke3 {[%clk 0:03:53]} Kf8 {[%clk 0:02:39]} 39. h4 {[%clk 0:03:00]} h6
{[%clk 0:02:40]} 40. Kd4 {[%clk 0:02:45]} Be2 {[%clk 0:02:55]} 41. Kd5
{[%clk 0:02:23]} Bb5 {[%clk 0:01:53]} 42. Kc5 {[%clk 0:02:24]} Ba6
{[%clk 0:01:58]} 43. Ba4 {[%clk 0:02:15]} Bd3 {[%clk 0:01:57]} 44. Bc6
{[%clk 0:02:22]} Bb1 {[%clk 0:02:00]} 45. Kb6 {[%clk 0:02:43]} gxh4
{[%clk 0:00:48]} 46. gxh4 {[%clk 0:03:05]} Bc2 {[%clk 0:00:55]} 47. Kc7
{[%clk 0:03:13]} Bd3 {[%clk 0:01:05]} 48. Kd8 {[%clk 0:03:06]} Bc4
{[%clk 0:00:47]} 49. e5 {[%clk 0:02:08]} Kg7 {[%clk 0:00:59]} 50. Kxe7
{[%clk 0:02:22]} fxe5 {[%clk 0:00:57]} 51. f6+ {[%clk 0:02:28]} 1-0

[Event "Ch_SFO"]
[Site "?"]
[Date "2018.03.17"]
[Round "3.4"]
[White "Zotova, Anastasia"]
[Black "Anufrienko, Daria"]
[Result "1-0"]
[BlackElo "2161"]
[WhiteElo "2032"]
[LiveChessVersion "1.4.8"]

1. e4 {[%clk 1:30:58]} e6 {[%clk 1:30:57]} 2. d4 {[%clk 1:31:24]} d5
{[%clk 1:31:23]} 3. Nc3 {[%clk 1:31:50]} Bb4 {[%clk 1:31:48]} 4. e5
{[%clk 1:32:16]} c5 {[%clk 1:32:14]} 5. a3 {[%clk 1:32:39]} Bxc3+
{[%clk 1:32:40]} 6. bxc3 {[%clk 1:33:04]} Qa5 {[%clk 1:33:01]} 7. Bd2
{[%clk 1:33:28]} Qa4 {[%clk 1:33:26]} 8. Qg4 {[%clk 1:33:47]} g6 {[%clk 1:33:49]}
9. Be2 {[%clk 1:25:45]} Nc6 {[%clk 1:26:46]} 10. Nf3 {[%clk 1:23:34]} Qxc2
{[%clk 1:27:02]} 11. dxc5 {[%clk 1:23:31]} Nge7 {[%clk 1:19:27]} 12. Nd4
{[%clk 1:21:01]} Nxd4 {[%clk 1:18:46]} 13. Qxd4 {[%clk 1:19:35]} Bd7
{[%clk 1:04:00]} 14. Bd3 {[%clk 1:17:57]} Qb2 {[%clk 0:53:38]} 15. Ke2
{[%clk 1:15:53]} Nf5 {[%clk 0:45:23]} 16. Qf4 {[%clk 1:15:35]} Qb3
{[%clk 0:44:18]} 17. a4 {[%clk 1:13:02]} d4 {[%clk 0:33:09]} 18. c4
{[%clk 1:12:41]} O-O-O {[%clk 0:33:33]} 19. Rhb1 {[%clk 1:12:56]} Qxa4
{[%clk 0:33:58]} 20. Rxa4 {[%clk 1:13:10]} Bxa4 {[%clk 0:34:25]} 21. Ra1
{[%clk 1:12:59]} Bc6 {[%clk 0:34:17]} 22. Rxa7 {[%clk 1:08:07]} Kb8
{[%clk 0:34:39]} 23. Ra2 {[%clk 1:07:52]} h6 {[%clk 0:34:06]} 24. Ba5
{[%clk 1:07:45]} 1-0

[Event "Ch_SFO"]
[Site "?"]
[Date "2018.03.17"]
[Round "3.5"]
[White "Nevostrujev, Vladimir"]
[Black "Bocharov, Ivan"]
[Result "0-1"]
[BlackElo "2530"]
[WhiteElo "2419"]
[LiveChessVersion "1.4.8"]

1. e4 {[%clk 1:30:56]} e5 {[%clk 1:30:58]} 2. Nf3 {[%clk 1:31:18]} Nc6
{[%clk 1:31:26]} 3. Bb5 {[%clk 1:31:38]} a6 {[%clk 1:31:56]} 4. Ba4
{[%clk 1:31:43]} Nf6 {[%clk 1:32:20]} 5. O-O {[%clk 1:31:23]} Be7
{[%clk 1:32:37]} 6. Re1 {[%clk 1:30:29]} b5 {[%clk 1:32:10]} 7. Bb3
{[%clk 1:30:57]} d6 {[%clk 1:32:34]} 8. c3 {[%clk 1:29:32]} O-O {[%clk 1:32:53]}
9. h3 {[%clk 1:28:31]} Bb7 {[%clk 1:33:22]} 10. d4 {[%clk 1:28:51]} Re8
{[%clk 1:33:45]} 11. Ng5 {[%clk 1:29:12]} Rf8 {[%clk 1:34:14]} 12. Nf3
{[%clk 1:29:36]} Nd7 {[%clk 1:33:29]} 13. a3 {[%clk 1:26:45]} Bf6
{[%clk 1:27:48]} 14. Ba2 {[%clk 1:27:13]} Re8 {[%clk 1:25:32]} 15. d5
{[%clk 1:09:22]} Ne7 {[%clk 1:21:56]} 16. c4 {[%clk 1:09:42]} bxc4
{[%clk 1:15:20]} 17. Nc3 {[%clk 1:09:56]} Nb6 {[%clk 0:58:54]} 18. Be3
{[%clk 1:02:59]} c6 {[%clk 0:54:26]} 19. dxc6 {[%clk 1:00:46]} Bxc6
{[%clk 0:54:12]} 20. Nd2 {[%clk 0:54:07]} d5 {[%clk 0:53:52]} 21. Bxb6
{[%clk 0:53:13]} Qxb6 {[%clk 0:54:21]} 22. exd5 {[%clk 0:53:25]} Nxd5
{[%clk 0:53:50]} 23. Nxc4 {[%clk 0:52:46]} Qd8 {[%clk 0:53:20]} 24. Ne4
{[%clk 0:51:49]} Nf4 {[%clk 0:49:29]} 25. Ncd6 {[%clk 0:50:28]} Rf8
{[%clk 0:47:23]} 26. Qg4 {[%clk 0:43:30]} h5 {[%clk 0:33:22]} 27. Qf5
{[%clk 0:41:34]} Bd7 {[%clk 0:28:58]} 28. Nxf6+ {[%clk 0:31:52]} gxf6
{[%clk 0:28:45]} 29. Qe4 {[%clk 0:27:26]} Be6 {[%clk 0:28:13]} 30. Bxe6
{[%clk 0:19:03]} Qxd6 {[%clk 0:24:55]} 31. Bc4 {[%clk 0:16:34]} Rfd8
{[%clk 0:16:34]} 32. Rad1 {[%clk 0:09:23]} Qb6 {[%clk 0:17:03]} 33. b4
{[%clk 0:03:41]} h4 {[%clk 0:13:08]} 34. Rd7 {[%clk 0:04:10]} Rxd7
{[%clk 0:12:56]} 35. Qxa8+ {[%clk 0:04:39]} Kg7 {[%clk 0:13:25]} 36. Qxa6
{[%clk 0:04:53]} Qd4 {[%clk 0:13:31]} 37. Bf1 {[%clk 0:03:02]} Rc7
{[%clk 0:10:53]} 38. Qa8 {[%clk 0:02:43]} Rc3 {[%clk 0:10:09]} 39. Qe4
{[%clk 0:02:19]} Qxe4 {[%clk 0:09:12]} 40. Rxe4 {[%clk 0:02:48]} Rxa3
{[%clk 0:09:42]} 41. Re1 {[%clk 0:01:49]} Rb3 {[%clk 0:09:38]} 42. b5
{[%clk 0:02:18]} Ne6 {[%clk 0:10:06]} 43. Bc4 {[%clk 0:01:26]} Rb4
{[%clk 0:10:05]} 44. Bxe6 {[%clk 0:01:01]} fxe6 {[%clk 0:10:34]} 45. Rc1
{[%clk 0:00:56]} Kg6 {[%clk 0:09:14]} 46. Rc6 {[%clk 0:01:07]} Kf5
{[%clk 0:09:03]} 47. b6 {[%clk 0:01:19]} e4 48. Kf1 Ke5 {[%clk 0:08:07]} 49. Rc5+
{[%clk 0:00:46]} Kd4 {[%clk 0:08:34]} 50. Rh5 {[%clk 0:00:58]} Kd3
{[%clk 0:06:28]} 51. Kg1 {[%clk 0:01:24]} e3 {[%clk 0:06:57]} 52. fxe3
{[%clk 0:01:40]} Kxe3 {[%clk 0:07:26]} 53. Rh6 {[%clk 0:01:00]} Rxb6
{[%clk 0:07:40]} 54. Rxf6 {[%clk 0:01:08]} Rb1+ {[%clk 0:08:09]} 55. Kh2
{[%clk 0:01:29]} e5 {[%clk 0:08:37]} 56. g4 {[%clk 0:00:43]} e4 {[%clk 0:08:23]}
57. g5 {[%clk 0:00:58]} Rb2+ {[%clk 0:08:52]} 58. Kg1 Rb5 {[%clk 0:07:27]} 59. g6
{[%clk 0:01:35]} Rg5+ {[%clk 0:07:51]} 60. Kf1 {[%clk 0:01:22]} Rg3
{[%clk 0:08:19]} 61. Re6 {[%clk 0:00:53]} Rxh3 {[%clk 0:05:55]} 62. Ra6
{[%clk 0:01:18]} Rf3+ {[%clk 0:05:18]} 63. Kg2 {[%clk 0:00:46]} Rg3+
{[%clk 0:05:27]} 64. Kf1 {[%clk 0:00:52]} Kf4 {[%clk 0:05:33]} 65. Rf6+
{[%clk 0:00:37]} Ke5 {[%clk 0:05:49]} 66. Ra6 {[%clk 0:00:49]} Kf5
{[%clk 0:06:09]} 67. Kf2 {[%clk 0:00:42]} Rxg6 68. Ra8 h3 {[%clk 0:02:18]} 69.
Rf8+ {[%clk 0:01:07]} Kg4 {[%clk 0:01:03]} 70. Re8 {[%clk 0:01:28]} Rf6+
{[%clk 0:00:52]} 71. Ke3 {[%clk 0:00:46]} h2 {[%clk 0:00:46]} 72. Rh8
{[%clk 0:01:00]} Kg3 {[%clk 0:01:10]} 73. Rg8+ {[%clk 0:01:26]} Kh3
{[%clk 0:01:37]} 74. Rh8+ {[%clk 0:01:39]} Kg2 {[%clk 0:02:06]} 75. Rg8+
{[%clk 0:01:54]} Kf1 {[%clk 0:02:35]} 76. Rh8 {[%clk 0:02:04]} Rf2
{[%clk 0:03:03]} 77. Kxe4 {[%clk 0:02:25]} Kg1 {[%clk 0:03:28]} 78. Ke3
{[%clk 0:02:54]} Rg2 {[%clk 0:03:53]} 0-1

[Event "Ch_SFO"]
[Site "?"]
[Date "2018.03.17"]
[Round "3.6"]
[White "Belozerov, Andrei"]
[Black "Lavrov, Sergey V"]
[Result "1-0"]
[BlackElo "2404"]
[WhiteElo "2526"]
[LiveChessVersion "1.4.8"]

1. d4 {[%clk 1:30:56]} d5 {[%clk 1:26:26]} 2. c4 {[%clk 1:31:18]} e6
{[%clk 1:26:49]} 3. Nc3 {[%clk 1:31:27]} Nf6 {[%clk 1:27:13]} 4. cxd5
{[%clk 1:31:42]} Nxd5 {[%clk 1:26:44]} 5. Nf3 {[%clk 1:29:27]} c5
{[%clk 1:27:01]} 6. g3 {[%clk 1:29:31]} cxd4 {[%clk 1:23:59]} 7. Nxd5
{[%clk 1:28:29]} Qxd5 {[%clk 1:23:24]} 8. Qxd4 {[%clk 1:28:48]} Qxd4
{[%clk 1:22:39]} 9. Nxd4 {[%clk 1:27:54]} Bb4+ {[%clk 1:12:11]} 10. Bd2
{[%clk 1:27:54]} Bxd2+ {[%clk 1:12:24]} 11. Kxd2 {[%clk 1:28:15]} Bd7
{[%clk 1:08:39]} 12. Bg2 {[%clk 1:27:10]} Nc6 {[%clk 1:08:59]} 13. Nxc6
{[%clk 1:23:57]} Bxc6 {[%clk 1:09:23]} 14. Bxc6+ {[%clk 1:24:15]} bxc6
{[%clk 1:09:40]} 15. Rac1 {[%clk 1:24:13]} O-O-O+ {[%clk 0:56:52]} 16. Ke3
{[%clk 1:22:37]} Kb7 {[%clk 0:57:18]} 17. Rc4 {[%clk 1:22:35]} Rd5
{[%clk 0:57:36]} 18. Rhc1 {[%clk 1:22:46]} Re5+ {[%clk 0:54:57]} 19. Re4
{[%clk 1:22:13]} Rxe4+ 20. Kxe4 {[%clk 1:22:42]} Rd8 {[%clk 0:54:44]} 21. Rc3
{[%clk 1:20:34]} Rd2 {[%clk 0:51:48]} 22. Rb3+ {[%clk 1:20:09]} Kc7
{[%clk 0:52:12]} 23. Ke3 {[%clk 1:20:31]} Rd5 {[%clk 0:52:27]} 24. Rd3
{[%clk 1:19:09]} Ra5 {[%clk 0:50:50]} 25. a3 {[%clk 1:18:54]} Rb5
{[%clk 0:51:11]} 26. b3 {[%clk 1:18:45]} Ra5 {[%clk 0:43:20]} 27. a4
{[%clk 1:18:55]} Re5+ {[%clk 0:42:20]} 28. Kd2 {[%clk 1:19:13]} a5
{[%clk 0:42:24]} 29. Rd4 {[%clk 1:16:55]} Rh5 {[%clk 0:40:22]} 30. h4
{[%clk 1:15:28]} Rf5 {[%clk 0:39:30]} 31. f3 {[%clk 1:09:50]} h5 {[%clk 0:39:05]}
32. Rd3 {[%clk 1:07:16]} g5 {[%clk 0:33:09]} 33. e4 {[%clk 0:59:39]} Rc5
{[%clk 0:23:39]} 34. Rc3 {[%clk 0:56:12]} Rxc3 {[%clk 0:18:11]} 35. Kxc3
{[%clk 0:55:58]} gxh4 {[%clk 0:18:35]} 36. gxh4 {[%clk 0:56:13]} c5
{[%clk 0:18:31]} 37. e5 {[%clk 0:55:51]} Kb7 {[%clk 0:06:14]} 38. Kd3
{[%clk 0:54:03]} Kb6 {[%clk 0:06:39]} 39. Ke3 {[%clk 0:53:52]} Kc6
{[%clk 0:06:02]} 40. Ke4 {[%clk 0:53:56]} Kb6 {[%clk 0:05:04]} 41. Kf4
{[%clk 0:53:06]} c4 {[%clk 0:05:29]} 42. bxc4 {[%clk 0:53:28]} Kc5
{[%clk 0:05:58]} 43. Kg5 {[%clk 0:53:47]} Kb4 {[%clk 0:06:25]} 44. c5
{[%clk 0:53:02]} 1-0